Locality in vowel harmony /

This work offers phonologists new evidence that viewing vowel harmony through the lens of relativized minimality has the potential to unify different levels of linguistic representation and different domains of empirical inquiry in a unified framework.

Bibliographic Details
Main Author: Nevins, Andrew
Format: eBook
Language:English
Published: Cambridge, Mass. : MIT Press, ©2010.
Series:Linguistic inquiry monographs ; 55
Subjects:
Online Access:Connect to the full text of this electronic book

MARC

Tag First Indicator Second Indicator Subfields
LEADER 00000cam a2200000Ia 4500
001 in00004602001
006 m o d
007 cr cnu---unuuu
008 100719s2010 mauab ob 001 0 eng d
005 20221121162556.3
035 |a (MaCbMITP)7669 
040 |a OCoLC-P  |b eng  |e pn  |c OCoLC-P 
020 |a 9780262280570  |q (electronic bk.) 
020 |a 0262280574  |q (electronic bk.) 
020 |a 0262513684  |q (pbk. ;  |q alk. paper) 
020 |a 9780262513685  |q (pbk. ;  |q alk. paper) 
020 |a 0262140977  |q (hardcover ;  |q alk. paper) 
020 |a 9780262140973  |q (hardcover ;  |q alk. paper) 
020 |a 1282737007 
020 |a 9781282737006 
024 8 |a 9786612737008 
035 |a (OCoLC)648759759  |z (OCoLC)663740589  |z (OCoLC)748602819  |z (OCoLC)764541871  |z (OCoLC)816576708  |z (OCoLC)961526141  |z (OCoLC)962570051  |z (OCoLC)966203412  |z (OCoLC)988485991  |z (OCoLC)991993125  |z (OCoLC)1037906055  |z (OCoLC)1038643622  |z (OCoLC)1045527588  |z (OCoLC)1058088186  |z (OCoLC)1066444127  |z (OCoLC)1081220965 
035 |a (OCoLC-P)648759759 
050 4 |a P234  |b .N48 2010eb 
072 7 |a LAN  |x 006000  |2 bisacsh 
072 7 |a LAN  |x 009060  |2 bisacsh 
082 0 4 |a 415  |2 22 
100 1 |a Nevins, Andrew. 
245 1 0 |a Locality in vowel harmony /  |c Andrew Nevins. 
260 |a Cambridge, Mass. :  |b MIT Press,  |c ©2010. 
300 |a 1 online resource (xii, 244 pages) :  |b illustrations, maps. 
336 |a text  |b txt  |2 rdacontent 
337 |a computer  |b c  |2 rdamedia 
338 |a online resource  |b cr  |2 rdacarrier 
490 1 |a Linguistic inquiry monographs ;  |v 55 
520 8 |a This work offers phonologists new evidence that viewing vowel harmony through the lens of relativized minimality has the potential to unify different levels of linguistic representation and different domains of empirical inquiry in a unified framework. 
588 |a OCLC-licensed vendor bibliographic record. 
650 0 |a Grammar, Comparative and general  |x Vowel harmony. 
653 |a LINGUISTICS & LANGUAGE/General 
655 7 |a Electronic books.  |2 local 
856 4 0 |u http://proxy.library.tamu.edu/login?url=https://doi.org/10.7551/mitpress/9780262140973.001.0001?locatt=mode:legacy  |z Connect to the full text of this electronic book  |t 0 
955 |a MIT D2O ebooks 
999 f f |s 0cdac120-1e3a-45f4-a450-1ffee846f849  |i 6d918133-21d5-4792-a1b6-52228916e84c  |t 0 
952 f f |a Texas A&M University  |b College Station  |c Electronic Resources  |d Available Online  |t 0  |e P234 .N48 2010eb  |h Library of Congress classification 
998 f f |a P234 .N48 2010eb  |t 0  |l Available Online